00423nam a2200157Ia 45000010006000000050017000060080041000230410008000640820015000721000027000872450098001142600009002123000028002216500008002496540008002571401020260306164843.0260306t2005||||xx |||||||||||||| ||spa|| aESP a005.8bM66 aMitnick, Kevin D.eAUT 4aThe art of intrusion:bthe real stories behind the exploits of hackers, intruders & deceivers c2005 a270 páginas :c23 cm. aGEN aCCC